书目信息 |
| 题名: |
《反杜林论》基本观点学习札记
|
|
| 作者: | 本社编 | |
| 分册: | ||
| 出版信息: | 天津 天津人民出版社 1973 |
|
| 页数: | 76页 | |
| 开本: | 19cm | |
| 丛书名: | ||
| 单 册: | ||
| 中图分类: | A811.24 | |
| 科图分类: | ||
| 主题词: | 马恩著作--学习 , 马恩著作研究 | |
| 电子资源: | ||
| ISBN: | ||
| 000 | 00616nam0 2200229 450 | |
| 001 | 0629444079 | |
| 005 | 20060721081333.31 | |
| 010 | @dCNY0.16 | |
| 091 | @a2072.55 | |
| 100 | @a20060721d1973 km y0chiy0120 ea | |
| 101 | 0 | @achi |
| 102 | @aCN@b120000 | |
| 102 | @aCN@b120000 | |
| 200 | 1 | @a《反杜林论》基本观点学习札记@A《fan du lin lun》ji ben guan dian xue xi zha ji@f本社编@Fben she bian |
| 210 | @a天津@c天津人民出版社@d1973 | |
| 215 | @a76页@d19cm | |
| 300 | @a内部改行 | |
| 606 | 0 | @a马恩著作@x学习 |
| 606 | 0 | @a马恩著作研究 |
| 690 | @aA811.24@v3 | |
| 801 | 0 | @aCN@bPFT@c20060721 |
| 905 | @dA811.24@e179 | |
| 《反杜林论》基本观点学习札记/本社编.-天津:天津人民出版社,1973 |
| 76页;19cm |
| 内部改行 |
| ISBN :CNY0.16 |
| ● |
| 相关链接 |
|
|
|
|
正题名:《反杜林论》基本观点学习札记
索取号:A811.24/179
 
预约/预借
| 序号 | 登录号 | 条形码 | 馆藏地/架位号 | 状态 | 备注 |
| 1 | 0425180 | 204251807 | 密集书库/ [索取号:A811.24/179] | 在馆 |